000 00281nam a2200133Ia 4500
100 _aCrawford/R.J.
942 _cBK
654 _aPlastics Engineerings
245 _aPlastics engineering
260 _bPergamon press
_aOxford
300 _a354
546 _aENGLISH
999 _c19228
_d19228